<?xml version="1.0" encoding="UTF-8"?>
<record
    xmlns:xsi="http://www.w3.org/2001/XMLSchema-instance"
    xsi:schemaLocation="http://www.loc.gov/MARC21/slim http://www.loc.gov/standards/marcxml/schema/MARC21slim.xsd"
    xmlns="http://www.loc.gov/MARC21/slim">

  <leader>00932nam a2200265Ia 4500</leader>
  <controlfield tag="005">20231102151612.0</controlfield>
  <controlfield tag="008">120626s2006    s             000 0 s   d</controlfield>
  <datafield tag="020" ind1=" " ind2=" ">
    <subfield code="a">9788467022728</subfield>
  </datafield>
  <datafield tag="050" ind1=" " ind2=" ">
    <subfield code="a">RC552.A5 </subfield>
    <subfield code="b">M37</subfield>
  </datafield>
  <datafield tag="100" ind1="1" ind2=" ">
    <subfield code="a">Martinez-Fornes, Santiago.</subfield>
    <subfield code="9">6570</subfield>
  </datafield>
  <datafield tag="245" ind1=" " ind2=" ">
    <subfield code="a">La obsesi&#xF3;n por adelgazar </subfield>
    <subfield code="b">: anorexia y bulimia</subfield>
    <subfield code="c">/ Santiago Martinez-Fernes</subfield>
  </datafield>
  <datafield tag="260" ind1=" " ind2=" ">
    <subfield code="a">Espa&#xF1;a  </subfield>
    <subfield code="b">: Espasa Calpe </subfield>
    <subfield code="c">; 2006</subfield>
  </datafield>
  <datafield tag="300" ind1=" " ind2=" ">
    <subfield code="a">238 p&#xE1;ginas</subfield>
  </datafield>
  <datafield tag="336" ind1=" " ind2=" ">
    <subfield code="a">texto</subfield>
  </datafield>
  <datafield tag="337" ind1=" " ind2=" ">
    <subfield code="a">sin medio</subfield>
  </datafield>
  <datafield tag="338" ind1=" " ind2=" ">
    <subfield code="a">volumen</subfield>
  </datafield>
  <datafield tag="500" ind1=" " ind2=" ">
    <subfield code="a">Contiene: indice de contenido\ prologo\ advertencia al lector\ glosario\ indice analitico.</subfield>
  </datafield>
  <datafield tag="500" ind1=" " ind2=" ">
    <subfield code="a">Prepa UNAM (1515) Orientaci&#xF3;n educativa V (03 008581) 
(03 008582)</subfield>
  </datafield>
  <datafield tag="650" ind1=" " ind2=" ">
    <subfield code="a">ANOREXIA</subfield>
    <subfield code="9">6572</subfield>
  </datafield>
  <datafield tag="650" ind1=" " ind2=" ">
    <subfield code="a">BULIMIA</subfield>
    <subfield code="9">6573</subfield>
  </datafield>
  <datafield tag="650" ind1=" " ind2=" ">
    <subfield code="a">TRANSTORNOS ALIMENTICIOS</subfield>
    <subfield code="9">6574</subfield>
  </datafield>
  <datafield tag="700" ind1=" " ind2=" ">
    <subfield code="a">Rojas, Enrique,</subfield>
    <subfield code="e">prologuista</subfield>
    <subfield code="9">10714</subfield>
  </datafield>
  <datafield tag="942" ind1=" " ind2=" ">
    <subfield code="c">LB</subfield>
  </datafield>
  <datafield tag="952" ind1=" " ind2=" ">
    <subfield code="0">0</subfield>
    <subfield code="1">0</subfield>
    <subfield code="4">0</subfield>
    <subfield code="7">0</subfield>
    <subfield code="a">03</subfield>
    <subfield code="b">03</subfield>
    <subfield code="d">2015-11-18</subfield>
    <subfield code="l">1</subfield>
    <subfield code="o">RC552.A2 M37 2006</subfield>
    <subfield code="p">03 008581</subfield>
    <subfield code="r">2017-10-05</subfield>
    <subfield code="s">2017-10-03</subfield>
    <subfield code="t">1</subfield>
    <subfield code="w">2015-11-18</subfield>
    <subfield code="y">LB</subfield>
  </datafield>
  <datafield tag="952" ind1=" " ind2=" ">
    <subfield code="0">0</subfield>
    <subfield code="1">0</subfield>
    <subfield code="4">0</subfield>
    <subfield code="7">0</subfield>
    <subfield code="a">03</subfield>
    <subfield code="b">03</subfield>
    <subfield code="d">2015-11-18</subfield>
    <subfield code="l">1</subfield>
    <subfield code="o">RC552.A5 M37 2006</subfield>
    <subfield code="p">03 008582</subfield>
    <subfield code="r">2016-01-27</subfield>
    <subfield code="s">2016-01-27</subfield>
    <subfield code="t">2</subfield>
    <subfield code="w">2015-11-18</subfield>
    <subfield code="y">LB</subfield>
  </datafield>
  <datafield tag="999" ind1=" " ind2=" ">
    <subfield code="c">90983</subfield>
    <subfield code="d">90983</subfield>
  </datafield>
</record>
